[Event "Ruhrgebiet Verbandsklasse Gruppe 2 1819"]
[Site "Nordrheinwestfalen"]
[Date "2019.03.24"]
[Round "8.2"]
[White "Koch, Marcel"]
[Black "Landau, Christian"]
[Result "1-0"]
[WhiteElo "1932"]
[BlackElo "2048"]
[PlyCount "83"]
[EventDate "2018.09.23"]
[EventType "team-tourn"]
[EventRounds "9"]
[EventCountry "GER"]
[SourceTitle "EXT 2022"]
[Source "ChessBase"]
[SourceDate "2021.10.06"]
[SourceVersion "1"]
[SourceVersionDate "2021.10.06"]
[SourceQuality "1"]
[WhiteTeam "Kamen SV II"]
[BlackTeam "Steele/Kray Rochade"]
[WhiteTeamCountry "GER"]
[BlackTeamCountry "GER"]

1. d4 Nf6 2. c4 c5 3. d5 b5 4. cxb5 a6 5. bxa6 Bxa6 6. Nc3 g6 7. g3 d6 8. Bg2 Bg7 9. Nf3 0-0 10. 0-0 Nbd7 11. Re1 Qa5 12. Bd2 Qb4 13. Qc2 Rfb8 14. Rab1 Bb7 15. e4 Ng4 16. b3 Ba6 17. a4 Qb6 18. Bf1 c4 19. Be3 Nxe3 20. Rxe3 cxb3 21. Qd1 Qb4 22. Nb5 Nc5 23. Nc7 Bxf1 24. Nxa8 Bc4 25. Nc7 Nxa4 26. Na6 Nc3 27. Rxc3 Qxc3 28. Nxb8 b2 29. Nc6 Ba2 30. Rxb2 Qxb2 31. Nxe7+ Kf8 32. Nc6 Bb3 33. Qd2 Qb1+ 34. Qe1 Qd3 35. Qb4 Bb2 36. Qxd6+ Kg7 37. Qf4 Bc1 38. Qe5+ Kh6 39. Ne7 f5 40. Nxf5+ gxf5 41. Qf6+ Kh5 42. Qh4+ 1-0

[Event "Ruhrgebiet Verbandsklasse Gruppe 2 1718"]
[Site "Germany"]
[Date "2018.04.29"]
[Round "9.2"]
[White "Landau, Christian"]
[Black "Niekrens, Stefan"]
[Result "1-0"]
[WhiteElo "2048"]
[BlackElo "2027"]
[PlyCount "79"]
[EventDate "2017.09.17"]
[EventType "team-tourn"]
[EventRounds "9"]
[EventCountry "GER"]
[SourceTitle "EXT 2022"]
[Source "ChessBase"]
[SourceDate "2021.10.06"]
[SourceVersion "1"]
[SourceVersionDate "2021.10.06"]
[SourceQuality "1"]
[WhiteTeam "Steele/Kray Rochade"]
[BlackTeam "Bochum SV II"]
[WhiteTeamCountry "GER"]
[BlackTeamCountry "GER"]

1. g3 Nf6 2. Bg2 g6 3. e4 d6 4. d4 Bg7 5. Nc3 0-0 6. Nge2 Nbd7 7. 0-0 c5 8. h3 cxd4 9. Nxd4 Ne5 10. Kh2 Nc6 11. Nde2 Be6 12. Nd5 Rc8 13. a4 Bxd5 14. exd5 Ne5 15. Ra2 Qc7 16. b3 Ned7 17. c4 a5 18. Re1 Nc5 19. Nd4 Rfe8 20. Rae2 Kf8 21. Nb5 Qb6 22. Be3 Nfd7 23. Bd4 Bxd4 24. Qxd4 Kg8 25. Re3 Ne5 26. f4 Ned7 27. Qc3 e5 28. dxe6 Rxe6 29. Rxe6 fxe6 30. Rd1 Nxa4 31. Qe1 Nac5 32. Rxd6 Qd8 33. Bxb7 Nxb7 34. Qxe6+ Kh8 35. Rxd7 Qf8 36. Qe5+ Kg8 37. Qd5+ Kh8 38. Qxb7 Re8 39. Nd4 Qf6 40. Rf7 1-0

[Event "Ruhrgebiet Verbandsklasse Gruppe 2 1718"]
[Site "Germany"]
[Date "2018.01.14"]
[Round "5.2"]
[White "Landau, Christian"]
[Black "Rostek, Joerg"]
[Result "1-0"]
[WhiteElo "2040"]
[BlackElo "1954"]
[PlyCount "50"]
[EventDate "2017.09.17"]
[EventType "team-tourn"]
[EventRounds "9"]
[EventCountry "GER"]
[SourceTitle "EXT 2022"]
[Source "ChessBase"]
[SourceDate "2021.10.06"]
[SourceVersion "1"]
[SourceVersionDate "2021.10.06"]
[SourceQuality "1"]
[WhiteTeam "Steele/Kray Rochade"]
[BlackTeam "Hoentrop SG"]
[WhiteTeamCountry "GER"]
[BlackTeamCountry "GER"]

1. c4 c5 2. Nf3 Nc6 3. d4 cxd4 4. Nxd4 g6 5. Nc3 Bg7 6. Nc2 Nf6 7. e4 d6 8. Be2 0-0 9. 0-0 Bd7 10. Be3 Re8 11. h3 Qc8 12. Qd2 Ne5 13. b3 Bc6 14. f4 Ned7 15. Bf3 Nc5 16. Bxc5 dxc5 17. Rad1 Nd7 18. e5 Bxf3 19. Rxf3 Nf8 20. Rd3 f6 21. exf6 exf6 22. Nb5 Re7 23. Ne3 Qc6 24. Rd6 Qe4 25. Nd5 Rf7 1-0

[Event "Ruhrgebiet Verbandsklasse Gruppe 2 1718"]
[Site "Germany"]
[Date "2017.10.08"]
[Round "2.2"]
[White "Yanik, Mehmet"]
[Black "Landau, Christian"]
[Result "1/2-1/2"]
[WhiteElo "1943"]
[BlackElo "2040"]
[PlyCount "40"]
[EventDate "2017.09.17"]
[EventType "team-tourn"]
[EventRounds "9"]
[EventCountry "GER"]
[SourceTitle "EXT 2022"]
[Source "ChessBase"]
[SourceDate "2021.10.06"]
[SourceVersion "1"]
[SourceVersionDate "2021.10.06"]
[SourceQuality "1"]
[WhiteTeam "Dortmund Matt Inn"]
[BlackTeam "Steele/Kray Rochade"]
[WhiteTeamCountry "GER"]
[BlackTeamCountry "GER"]

1. e4 c5 2. Nf3 g6 3. d4 cxd4 4. Nxd4 Nf6 5. Nc3 Nc6 6. Be3 Bg7 7. Bc4 0-0 8. h3 Qa5 9. 0-0 d6 10. Nb3 Qc7 11. f4 Bd7 12. Qd2 Rfc8 13. Rad1 Na5 14. Nxa5 Qxa5 15. Bd3 Be6 16. Bd4 Qb4 17. Nb5 Qxd2 18. Rxd2 a6 19. Nc3 b5 20. a3 Bc4 1/2-1/2

[Event "Ruhrgebiet Verbandsliga Gruppe 1 1617"]
[Site "Germany"]
[Date "2017.04.30"]
[Round "9.2"]
[White "Boehm, Joachim"]
[Black "Landau, Christian"]
[Result "1-0"]
[WhiteElo "2163"]
[BlackElo "2040"]
[PlyCount "87"]
[EventDate "2016.09.04"]
[EventType "team-tourn"]
[EventRounds "9"]
[EventCountry "GER"]
[SourceTitle "EXT 2022"]
[Source "ChessBase"]
[SourceDate "2021.10.06"]
[SourceVersion "1"]
[SourceVersionDate "2021.10.06"]
[SourceQuality "1"]
[WhiteTeam "Bottrop SV"]
[BlackTeam "Steele/Kray Rochade"]
[WhiteTeamCountry "GER"]
[BlackTeamCountry "GER"]

1. d4 Nf6 2. Nf3 g6 3. Bf4 Bg7 4. e3 0-0 5. Be2 d6 6. h3 Nbd7 7. 0-0 b6 8. a4 Bb7 9. a5 bxa5 10. c3 c5 11. Qa4 Rb8 12. Nfd2 cxd4 13. exd4 Qb6 14. Nc4 Qc6 15. Qxc6 Bxc6 16. Rxa5 Rb7 17. Bc1 Nb6 18. Ra3 Nxc4 19. Bxc4 Rc7 20. Be2 Rb8 21. Re1 Kf8 22. Ra5 Nd7 23. Na3 Nb6 24. Nb5 Bxb5 25. Rxb5 Rbc8 26. Bf4 Ke8 27. Ra1 Rb8 28. Kf1 Kd7 29. Ke1 Kc8 30. Rba5 Nd7 31. Bc1 e5 32. dxe5 Nxe5 33. Rxa7 Nc6 34. Bg4+ f5 35. Rxc7+ Kxc7 36. Bf3 Bf6 37. Ra6 Re8+ 38. Kd1 Ne5 39. Ra7+ Kb6 40. Be3+ Kb5 41. Bd5 Re7 42. Ra8 g5 43. b4 Rc7 44. Ra5# 1-0

[Event "Ruhrgebiet Verbandsliga Gruppe 1 1516"]
[Site "Germany"]
[Date "2016.02.21"]
[Round "7"]
[White "Schiefelbusch, Dirk"]
[Black "Landau, Christian"]
[Result "1/2-1/2"]
[WhiteElo "2070"]
[BlackElo "2075"]
[PlyCount "29"]
[EventDate "2015.09.06"]
[EventType "team-tourn"]
[EventRounds "9"]
[EventCountry "GER"]
[SourceTitle "EXT 2022"]
[Source "ChessBase"]
[SourceDate "2021.10.06"]
[SourceVersion "1"]
[SourceVersionDate "2021.10.06"]
[SourceQuality "1"]
[WhiteTeam "Dortmund Hansa III"]
[BlackTeam "Steele/Kray Rochade"]
[WhiteTeamCountry "GER"]
[BlackTeamCountry "GER"]

1. d4 Nf6 2. Nf3 g6 3. Bg5 Bg7 4. e3 c5 5. c3 Qb6 6. Qb3 0-0 7. Nbd2 d6 8. Bc4 Nc6 9. 0-0 Na5 10. Qxb6 axb6 11. Bb5 Bg4 12. h3 Bxf3 13. Nxf3 Nc6 14. a3 h6 15. Bh4 1/2-1/2

[Event "Ruhrgebiet Verbandsliga Gruppe 1 1516"]
[Site "Germany"]
[Date "2016.01.24"]
[Round "6.2"]
[White "Landau, Christian"]
[Black "Mallee, Ralph"]
[Result "1/2-1/2"]
[WhiteElo "2075"]
[BlackElo "2118"]
[PlyCount "43"]
[EventDate "2015.09.06"]
[EventType "team-tourn"]
[EventRounds "9"]
[EventCountry "GER"]
[SourceTitle "EXT 2022"]
[Source "ChessBase"]
[SourceDate "2021.10.06"]
[SourceVersion "1"]
[SourceVersionDate "2021.10.06"]
[SourceQuality "1"]
[WhiteTeam "Steele/Kray Rochade"]
[BlackTeam "Dortmund SV"]
[WhiteTeamCountry "GER"]
[BlackTeamCountry "GER"]

1. c4 e5 2. Nc3 d6 3. g3 f5 4. Bg2 Nf6 5. d3 Be7 6. e3 c6 7. Nge2 0-0 8. 0-0 Na6 9. f4 Be6 10. Rb1 Nc7 11. b4 a6 12. a4 Rb8 13. b5 axb5 14. axb5 c5 15. e4 fxe4 16. Nxe4 Nxe4 17. Bxe4 Bf6 18. f5 Bf7 19. Be3 b6 20. Qc2 d5 21. Bg2 Re8 22. Rbd1 1/2-1/2

[Event "Ruhrgebiet Verbandsliga Gruppe 1 1415"]
[Site "Germany"]
[Date "2015.01.18"]
[Round "5"]
[White "Oberbarnscheidt, Ludger"]
[Black "Landau, Christian"]
[Result "1/2-1/2"]
[WhiteElo "2070"]
[BlackElo "2063"]
[PlyCount "32"]
[EventDate "2014.09.21"]
[EventType "team-tourn"]
[EventRounds "9"]
[EventCountry "GER"]
[SourceTitle "EXT 2022"]
[Source "ChessBase"]
[SourceDate "2021.10.06"]
[SourceVersion "1"]
[SourceVersionDate "2021.10.06"]
[SourceQuality "1"]
[WhiteTeam "Hoentrop SG"]
[BlackTeam "Steele/Kray Rochade"]
[WhiteTeamCountry "GER"]
[BlackTeamCountry "GER"]

1. Nf3 g6 2. c4 Bg7 3. Nc3 e5 4. d4 exd4 5. Nxd4 Nc6 6. Nxc6 bxc6 7. e4 Rb8 8. Qc2 Ne7 9. Be3 a6 10. Rd1 0-0 11. f4 d6 12. Be2 Qe8 13. 0-0 f5 14. e5 dxe5 15. fxe5 Bxe5 16. Bh6 Bg7 1/2-1/2

[Event "Ruhrgebiet Verbandsliga Gruppe 1 1415"]
[Site "Germany"]
[Date "2014.10.19"]
[Round "2"]
[White "Landau, Christian"]
[Black "Ahling, Michael"]
[Result "1/2-1/2"]
[WhiteElo "2063"]
[BlackElo "2099"]
[PlyCount "67"]
[EventDate "2014.09.21"]
[EventType "team-tourn"]
[EventRounds "9"]
[EventCountry "GER"]
[SourceTitle "EXT 2022"]
[Source "ChessBase"]
[SourceDate "2021.10.06"]
[SourceVersion "1"]
[SourceVersionDate "2021.10.06"]
[SourceQuality "1"]
[WhiteTeam "Steele/Kray Rochade"]
[BlackTeam "Horst Emscher"]
[WhiteTeamCountry "GER"]
[BlackTeamCountry "GER"]

1. e4 c6 2. c4 d5 3. exd5 cxd5 4. cxd5 Nf6 5. Qa4+ Nbd7 6. Nc3 g6 7. Bc4 Bg7 8. Nf3 0-0 9. Qb3 a6 10. a4 Nc5 11. Qa3 b6 12. 0-0 Bb7 13. d4 Nce4 14. Nxe4 Nxe4 15. Re1 Nd6 16. Ba2 Re8 17. Bf4 Nf5 18. Be5 Bxd5 19. Bxd5 Qxd5 20. Bxg7 Kxg7 21. Rad1 e6 22. Qb4 Qb7 23. Rd3 Red8 24. Red1 Rd5 25. Ne5 Rad8 26. Ng4 a5 27. Qc3 Qd7 28. Ne3 Nxe3 29. fxe3 Qxa4 30. e4 Rh5 31. d5+ e5 32. Qc7 Qd7 33. Qxb6 Rh4 34. Re1 1/2-1/2

[Event "NRW Verbandsliga Group2 1314"]
[Site "Nordrheinwestfalen"]
[Date "2014.04.06"]
[Round "9"]
[White "Landau, Christian"]
[Black "Huettemann, Karl Heinz"]
[Result "1/2-1/2"]
[WhiteElo "2037"]
[BlackElo "2075"]
[PlyCount "22"]
[EventDate "2013.09.08"]
[EventType "team-tourn"]
[EventRounds "9"]
[EventCountry "GER"]
[SourceTitle "EXT 2020"]
[Source "ChessBase"]
[SourceDate "2019.10.17"]
[SourceVersion "1"]
[SourceVersionDate "2019.10.17"]
[SourceQuality "1"]
[WhiteTeam "Rochade Steele/Kray"]
[BlackTeam "Dortmund SV"]
[WhiteTeamCountry "GER"]
[BlackTeamCountry "GER"]

1. Nf3 Nf6 2. g3 d5 3. Bg2 c6 4. d3 Bg4 5. Nbd2 Nbd7 6. 0-0 e5 7. e4 Bd6 8. h3 Bxf3 9. Qxf3 0-0 10. Re1 Re8 11. c3 dxe4 1/2-1/2

[Event "NRW Verbandsliga Group2 1314"]
[Site "Nordrheinwestfalen"]
[Date "2014.01.26"]
[Round "6.2"]
[White "Henrichs, Wenke"]
[Black "Landau, Christian"]
[Result "1/2-1/2"]
[WhiteElo "2037"]
[BlackElo "2037"]
[PlyCount "82"]
[EventDate "2013.09.08"]
[EventType "team-tourn"]
[EventRounds "9"]
[EventCountry "GER"]
[SourceTitle "EXT 2020"]
[Source "ChessBase"]
[SourceDate "2019.10.17"]
[SourceVersion "1"]
[SourceVersionDate "2019.10.17"]
[SourceQuality "1"]
[WhiteTeam "Wattenscheid SV IV"]
[BlackTeam "Rochade Steele/Kray"]
[WhiteTeamCountry "GER"]
[BlackTeamCountry "GER"]

1. d4 Nf6 2. c4 c5 3. d5 b5 4. Qc2 Na6 5. a3 bxc4 6. e4 g6 7. Bxc4 Nc7 8. Nc3 d6 9. Nf3 Bg7 10. 0-0 0-0 11. Re1 Rb8 12. h3 a6 13. Bf4 Nd7 14. Rad1 Nb5 15. Qc1 Nb6 16. Bxb5 axb5 17. e5 Nc4 18. exd6 exd6 19. b3 Na5 20. b4 Nb3 21. Qc2 Qf6 22. Qxb3 c4 23. Qc2 Qxf4 24. Ne2 Qf6 25. Ned4 Bd7 26. Re2 Rfe8 27. Rde1 Kf8 28. Rxe8+ Rxe8 29. Rxe8+ Kxe8 30. Kf1 Qf4 31. Ne2 Bf5 32. Qd1 Qe4 33. Nfd4 Qxd5 34. a4 Bd3 35. Nxb5 Kd7 36. Kg1 Qe5 37. Nec3 Qf4 38. g3 Qf5 39. g4 Qe5 40. a5 Kc6 41. Qf3+ d5 1/2-1/2

[Event "Ruhrgebiet VK2 1112"]
[Site "Nordrheinwestfalen"]
[Date "2012.03.04"]
[Round "7"]
[White "Labuda, Markus"]
[Black "Landau, Christian"]
[Result "1/2-1/2"]
[WhiteElo "1940"]
[BlackElo "2047"]
[PlyCount "32"]
[EventDate "2012.09.18"]
[EventType "team-tourn"]
[EventRounds "9"]
[EventCountry "GER"]
[SourceTitle "EXT 2020"]
[Source "ChessBase"]
[SourceDate "2019.10.17"]
[SourceVersion "1"]
[SourceVersionDate "2019.10.17"]
[SourceQuality "1"]
[WhiteTeam "Oberhausen SV III"]
[BlackTeam "Rochade Steele/Kray"]
[WhiteTeamCountry "GER"]
[BlackTeamCountry "GER"]

1. d4 Nf6 2. Bf4 c5 3. e3 Qb6 4. Nc3 d6 5. Rb1 g6 6. Nf3 Bg7 7. h3 cxd4 8. exd4 0-0 9. Bc4 Nc6 10. Be3 Qb4 11. Nd2 a6 12. a3 Qa5 13. 0-0 b5 14. Be2 Bb7 15. Bf3 Rac8 16. Re1 Qc7 1/2-1/2

[Event "Ruhrgebiet VK2 1112"]
[Site "Nordrheinwestfalen"]
[Date "2012.01.08"]
[Round "5"]
[White "Landau, Christian"]
[Black "Arnold, Ulrich"]
[Result "1-0"]
[WhiteElo "2047"]
[BlackElo "1847"]
[PlyCount "83"]
[EventDate "2012.09.18"]
[EventType "team-tourn"]
[EventRounds "9"]
[EventCountry "GER"]
[SourceTitle "EXT 2020"]
[Source "ChessBase"]
[SourceDate "2019.10.17"]
[SourceVersion "1"]
[SourceVersionDate "2019.10.17"]
[SourceQuality "1"]
[WhiteTeam "Rochade Steele/Kray"]
[BlackTeam "Drewer SG"]
[WhiteTeamCountry "GER"]
[BlackTeamCountry "GER"]

1. e4 e5 2. Nf3 Nc6 3. d4 exd4 4. Bc4 Nf6 5. e5 d5 6. Bb5 Ne4 7. Nxd4 Bd7 8. Bxc6 bxc6 9. 0-0 Be7 10. f3 Nc5 11. f4 Ne4 12. c3 Qc8 13. Nd2 Nxd2 14. Bxd2 g6 15. Be3 0-0 16. Qd2 Re8 17. b4 f6 18. Nb3 Bf5 19. Nd4 Bd7 20. Nb3 Bf5 21. Qf2 fxe5 22. fxe5 Bf8 23. Bxa7 Rxe5 24. Bd4 Re4 25. Nd2 Re7 26. a4 Qe8 27. a5 Re2 28. Qf4 Bd6 29. Qh6 Be5 30. Nf3 Bxd4+ 31. Nxd4 Qe3+ 32. Qxe3 Rxe3 33. Nxc6 Be4 34. Rac1 Re2 35. Rf2 Rxf2 36. Kxf2 Rf8+ 37. Kg3 Bd3 38. Ne7+ Kg7 39. Nxd5 c6 40. Nf4 Bc4 41. Re1 Rf6 42. Re4 1-0

[Event "Ruhrgebiet VK1 0910"]
[Site "Ruhrgebiet"]
[Date "2010.03.21"]
[Round "8.1"]
[White "Nissen, Claus"]
[Black "Landau, Christian"]
[Result "1/2-1/2"]
[WhiteElo "2171"]
[BlackElo "2119"]
[PlyCount "85"]
[EventDate "2009.09.06"]
[EventType "team"]
[EventRounds "9"]
[EventCountry "GER"]
[SourceTitle "EXT 2011"]
[Source "ChessBase"]
[SourceDate "2010.11.26"]
[SourceVersion "1"]
[SourceVersionDate "2010.11.26"]
[SourceQuality "1"]
[WhiteTeam "Essen Ueberruhr II"]
[BlackTeam "Rochade Steele/Kray"]
[WhiteTeamCountry "GER"]
[BlackTeamCountry "GER"]

1. c4 Nf6 2. Nf3 g6 3. g3 Bg7 4. Bg2 0-0 5. Nc3 d5 6. cxd5 Nxd5 7. 0-0 Nc6 8. d4 Nb6 9. e3 Re8 10. a3 e5 11. d5 Ne7 12. e4 Bg4 13. Qb3 Nec8 14. Be3 Nd6 15. Nd2 Qd7 16. a4 Bh3 17. a5 Nbc8 18. Rfc1 Bxg2 19. Kxg2 f5 20. f3 Kh8 21. Na4 fxe4 22. fxe4 b6 23. Qc2 Nb5 24. Nf3 Ncd6 25. Qd3 h6 26. Nc3 Nxc3 27. Rxc3 Nb5 28. Rc6 Nd6 29. Rac1 Rac8 30. a6 Rf8 31. Nd2 Kh7 32. h3 Nf7 33. Qc2 Nd6 34. Rxc7 Qb5 35. Re1 Qxa6 36. Rc6 Rf7 37. Qb3 Rxc6 38. dxc6 Rc7 39. Qd5 Nb5 40. Nc4 Nd4 41. Bxd4 exd4 42. Nd6 Qd3 43. e5 1/2-1/2

[Event "Ruhrgebiet VL2 0708"]
[Site "Germany"]
[Date "2008.02.17"]
[Round "6.1"]
[White "Landau, Christian"]
[Black "Hassenrueck, Helmut"]
[Result "0-1"]
[WhiteElo "2119"]
[BlackElo "2154"]
[PlyCount "44"]
[EventDate "2007.09.02"]
[EventType "team"]
[EventRounds "9"]
[EventCountry "GER"]
[SourceTitle "EXT 2009"]
[Source "ChessBase"]
[SourceDate "2008.11.26"]
[SourceVersion "1"]
[SourceVersionDate "2008.11.26"]
[SourceQuality "1"]
[WhiteTeam "Rochade Steele/Kray"]
[BlackTeam "Bottrop"]
[WhiteTeamCountry "GER"]
[BlackTeamCountry "GER"]

1. g3 e5 2. Bg2 d5 3. d3 g6 4. Nd2 Bg7 5. Ngf3 c5 6. 0-0 Nc6 7. c3 Nf6 8. e4 0-0 9. a3 a5 10. exd5 Nxd5 11. Nc4 a4 12. Re1 Re8 13. d4 cxd4 14. cxd4 exd4 15. Rxe8+ Qxe8 16. Nxd4 Nxd4 17. Bxd5 Be6 18. Bxe6 Qxe6 19. Ne3 Rc8 20. Rb1 Qe4 21. Bd2 Nf3+ 22. Kf1 Nxd2+ 0-1

[Event "Ruhrgebiet VL2 0708"]
[Site "Germany"]
[Date "2008.01.20"]
[Round "5.1"]
[White "Kemna, Guido"]
[Black "Landau, Christian"]
[Result "1-0"]
[WhiteElo "2233"]
[BlackElo "2119"]
[PlyCount "51"]
[EventDate "2007.09.02"]
[EventType "team"]
[EventRounds "9"]
[EventCountry "GER"]
[SourceTitle "EXT 2009"]
[Source "ChessBase"]
[SourceDate "2008.11.26"]
[SourceVersion "1"]
[SourceVersionDate "2008.11.26"]
[SourceQuality "1"]
[WhiteTeam "Welper SV"]
[BlackTeam "Rochade Steele/Kray"]
[WhiteTeamCountry "GER"]
[BlackTeamCountry "GER"]

1. e4 g6 2. d4 Bg7 3. Nf3 d6 4. Bc4 Nf6 5. Qe2 0-0 6. 0-0 c5 7. e5 Ne8 8. dxc5 dxc5 9. Rd1 Qc7 10. Nc3 e6 11. Bg5 Nc6 12. Bb5 Bd7 13. Qe3 f6 14. exf6 Nxf6 15. Qxc5 Ng4 16. Qd6 Qb6 17. Qxd7 Nce5 18. Nxe5 Nxf2 19. Qd4 Nxd1 20. Qxb6 axb6 21. Rxd1 Bxe5 22. Bc4 Rae8 23. g3 Kg7 24. Rd7+ Rf7 25. Bh6+ Kg8 26. Bxe6 1-0

[Event "Ruhrgebiet VL2 0708"]
[Site "Germany"]
[Date "2007.12.09"]
[Round "4.1"]
[White "Landau, Christian"]
[Black "Mallee, Ralph"]
[Result "0-1"]
[WhiteElo "2119"]
[BlackElo "2149"]
[PlyCount "82"]
[EventDate "2007.09.02"]
[EventType "team"]
[EventRounds "9"]
[EventCountry "GER"]
[SourceTitle "EXT 2009"]
[Source "ChessBase"]
[SourceDate "2008.11.26"]
[SourceVersion "1"]
[SourceVersionDate "2008.11.26"]
[SourceQuality "1"]
[WhiteTeam "Rochade Steele/Kray"]
[BlackTeam "Dortmund SV"]
[WhiteTeamCountry "GER"]
[BlackTeamCountry "GER"]

1. d4 Nf6 2. c4 g6 3. Nc3 d5 4. cxd5 Nxd5 5. e4 Nxc3 6. bxc3 Bg7 7. Nf3 c5 8. Rb1 0-0 9. Be2 Nc6 10. d5 Ne5 11. Nxe5 Bxe5 12. Qd2 e6 13. f4 Bc7 14. Bc4 Rb8 15. 0-0 a6 16. a4 b5 17. axb5 exd5 18. exd5 Qd6 19. Ba3 Bf5 20. Rb2 axb5 21. Rxb5 Rxb5 22. Bxb5 Ra8 23. Bb2 c4 24. Bc6 Ra2 25. Ra1 Bb6+ 26. Kh1 Rxa1+ 27. Bxa1 Be4 28. Bb2 Qc5 29. Qd4 Qxd4 30. cxd4 Ba5 31. Bc1 Bc3 32. Kg1 Bxd4+ 33. Kf1 Ba1 34. Ba3 c3 35. Ke2 Bb2 36. Bb4 c2 37. Bd2 Bxg2 38. Kf2 Be4 39. Ke3 f5 40. Bb7 c1Q 41. Bxc1 Bxc1+ 0-1

[Event "Ruhrgebiet VK2 0405"]
[Site "Ruhrgebiet"]
[Date "2005.02.20"]
[Round "7.2"]
[White "Landau, Christian"]
[Black "Strathoff, Martin"]
[Result "1-0"]
[WhiteElo "2064"]
[BlackElo "1925"]
[PlyCount "43"]
[EventDate "2004.09.12"]
[EventType "team"]
[EventRounds "9"]
[EventCountry "GER"]
[SourceTitle "EXT 2006"]
[Source "ChessBase"]
[SourceDate "2005.11.24"]
[SourceVersion "1"]
[SourceVersionDate "2005.11.24"]
[SourceQuality "1"]
[WhiteTeam "Rochade Steele/Kray"]
[BlackTeam "Berghofen Wambel II"]
[WhiteTeamCountry "GER"]
[BlackTeamCountry "GER"]

1. Nf3 d5 2. g3 Nf6 3. Bg2 e6 4. d3 Be7 5. Nbd2 0-0 6. 0-0 Nbd7 7. e4 e5 8. exd5 Nxd5 9. Nc4 f6 10. d4 exd4 11. Nxd4 N7b6 12. Qe2 Re8 13. Re1 Nf4 14. Bxf4 Qxd4 15. Nxb6 Qxb6 16. Bd5+ Kh8 17. Bf7 Bd7 18. Bxe8 Rxe8 19. Rad1 Qc6 20. Qxe7 Rxe7 21. Rxe7 Be6 22. Rxe6 1-0

[Event "Ruhrgebiet VL1 0304"]
[Site "Ruhrgebiet"]
[Date "2004.02.08"]
[Round "6.2"]
[White "Landau, Christian"]
[Black "Voge, Andreas"]
[Result "1/2-1/2"]
[WhiteElo "2061"]
[BlackElo "2094"]
[PlyCount "81"]
[EventDate "2003.09.28"]
[EventType "team"]
[EventRounds "9"]
[EventCountry "GER"]
[SourceTitle "EXT 2007"]
[Source "ChessBase"]
[SourceDate "2006.11.23"]
[SourceVersion "1"]
[SourceVersionDate "2006.11.23"]
[SourceQuality "1"]
[WhiteTeam "Steele/Kray Rochade"]
[BlackTeam "Oberhausen"]
[WhiteTeamCountry "GER"]
[BlackTeamCountry "GER"]

1. e4 c5 2. Nf3 Nc6 3. d4 cxd4 4. Nxd4 g6 5. c4 Bg7 6. Be3 Nf6 7. Nc3 Ng4 8. Qxg4 Nxd4 9. Qd1 Ne6 10. Qd2 Qa5 11. Rc1 b6 12. Qd5 Rb8 13. Qxa5 bxa5 14. b3 Bd4 15. Bxd4 Nxd4 16. Nb5 Nc6 17. Be2 Bb7 18. f3 f5 19. exf5 gxf5 20. Kf2 a6 21. Nc7+ Kd8 22. Nd5 Nd4 23. Rhd1 e5 24. f4 d6 25. Bf3 a4 26. fxe5 dxe5 27. c5 Bxd5 28. Bxd5 axb3 29. axb3 Kc7 30. Re1 Rhe8 31. Ra1 Nc2 32. Rxa6 Nxe1 33. Kxe1 Re7 34. Rc6+ Kd8 35. Rf6 f4 36. Ke2 Rb4 37. Bc4 Rc7 38. Rf8+ Kd7 39. Kd3 Rxc5 40. Rf7+ Ke8 41. Rxh7 1/2-1/2

[Event "Ruhrgebiet VL1 0304"]
[Site "Ruhrgebiet"]
[Date "2004.01.11"]
[Round "5.2"]
[White "Landau, Christian"]
[Black "Barthel, Ansgar"]
[Result "1/2-1/2"]
[WhiteElo "2061"]
[BlackElo "2195"]
[PlyCount "164"]
[EventDate "2003.09.28"]
[EventType "team"]
[EventRounds "9"]
[EventCountry "GER"]
[SourceTitle "EXT 2007"]
[Source "ChessBase"]
[SourceDate "2006.11.23"]
[SourceVersion "1"]
[SourceVersionDate "2006.11.23"]
[SourceQuality "1"]
[WhiteTeam "Steele/Kray Rochade"]
[BlackTeam "Altstadt RE"]
[WhiteTeamCountry "GER"]
[BlackTeamCountry "GER"]

1. d4 Nf6 2. g3 g6 3. Bg2 Bg7 4. e4 d6 5. Nc3 0-0 6. Nge2 Nbd7 7. 0-0 e5 8. h3 c6 9. a4 Qc7 10. Be3 Re8 11. g4 h6 12. f4 b6 13. Qd2 exd4 14. Bxd4 Ba6 15. Rfe1 Rad8 16. Rad1 Nc5 17. Ng3 Bb7 18. Bf2 Ne6 19. Be3 c5 20. f5 Ng5 21. Bf4 Bc6 22. Qe2 Ngh7 23. Qd2 g5 24. Bxd6 Qb7 25. e5 Nd7 26. f6 Bf8 27. Bxc6 Qxc6 28. Bxf8 Nhxf8 29. Nf5 Kh7 30. Ne7 Qe6 31. Qd5 Qxd5 32. Rxd5 Nb8 33. Red1 Ne6 34. Ne4 Rxd5 35. Rxd5 Nf4 36. Rd2 Nxh3+ 37. Kh2 Nf4 38. Nd6 Rf8 39. Ndc8 Ng6 40. Nxa7 Nxe5 41. Kg3 Nc4 42. Rd5 Nxb2 43. a5 bxa5 44. Rxc5 a4 45. Rb5 a3 46. Ra5 Nc4 47. Ra4 Nd2 48. Nb5 Nd7 49. Rxa3 Ne4+ 50. Kf3 Nexf6 51. Re3 Nb6 52. Nd6 Ra8 53. Nxf7 Rf8 54. Nf5 Rxf7 55. Re6 Nc4 56. Kg3 Ng8 57. Rc6 Ne5 58. Re6 Ng6 59. c4 Rc7 60. Ne3 Re7 61. Rxe7+ N8xe7 62. Kf3 Kg7 63. Ke4 Kf6 64. c5 Ke6 65. Nf5 Ng8 66. Nd4+ Kd7 67. Kf5 N6e7+ 68. Ke4 Nf6+ 69. Kf3 Nc6 70. Nf5 Ne5+ 71. Ke3 Nexg4+ 72. Kd4 h5 73. Kd3 h4 74. Ke2 Kc6 75. Nd4+ Kd5 76. Nf3 Ne4 77. Kf1 Kxc5 78. Kg2 Kd5 79. Nxh4 Ne3+ 80. Kh3 Nf2+ 81. Kg3 Ne4+ 82. Kh2 g4 1/2-1/2